| 000 | 01322nam a2200253 a 4500 | ||
|---|---|---|---|
| 003 | BLK | ||
| 005 | 20250612181610.0 | ||
| 008 | 190716b bu |||gr|||| 00| 0 bu d | ||
| 020 | _a9786197771237 | ||
| 040 | _aBLK | ||
| 041 |
_aBUL _cBUL |
||
| 080 |
_aБългарска литература _b821.163.2 _z821.163.2-32(081) |
||
| 245 |
_aИзмерения на болката _bРазкази на ужасите _cсъстав. и ред. Милен Димитров |
||
| 260 |
_9218323 _aСофия _bПотайниче _c2024 _f[София] : [Пулсио] |
||
| 300 |
_a304 с. _c22 см |
||
| 380 | _aX | ||
| 500 | _aВ сборника са включени разкази от: Алекс Цонков, Анна Гюрова, Димитър Маргаритов, Димитър Цолов, Елена Зелена Бърдарова, Елена Павлова, Мария Пеева, Мария Раднева, Милен Димитров, Нина Митева, Ралица Пейкова, Явор Цанев. | ||
| 504 | _aБиогр. данни за авт. отбелязани в текста | ||
| 700 | 1 |
_962001 _aДимитров, Милен |
|
| 852 |
_aЦб 326863 _bЦб |
||
| 942 |
_cKNG _n0 _011 |
||
| 944 |
_cНора Радева _k30575 _lМартин Енчев |
||
| 999 |
_c523238 _d523238 |
||